| 000 | 00966nam a22002897a 4500 | ||
|---|---|---|---|
| 999 |
_c12383 _d12383 |
||
| 003 | EG-ScBUE | ||
| 005 | 20210210095354.0 | ||
| 008 | 090721s2006 ua f 000 j ara d | ||
| 017 | _a2005/13926 | ||
| 020 | _a9770913065 | ||
| 040 |
_aEG-ScBUE _bara _erda _cEG-ScBUE _dEG-ScBUE |
||
| 082 | 0 | 4 |
_a892.736 _bح ك ي _222 |
| 100 | 1 |
_aالحكيم، توفيق، _d1898-1987، _eمؤلف. |
|
| 245 | 1 | 0 |
_aعدالة وفن : _b/ قصص قصيرة _cتوفيق الحكيم. |
| 250 | _aالطبعة الأولى. | ||
| 264 | 1 |
_aالقاهرة : _bدار الشروق، _c2006. |
|
| 300 | 1 |
_a175 صفحة ؛ _c17 سم. |
|
| 336 |
_2rdacontent _aنص _btxt |
||
| 337 |
_2rdamedia _aبدون وسيط _bn |
||
| 338 |
_2rdacarrier _aمجلد _bnc |
||
| 490 | 0 | _aالقصص | |
| 650 | 7 |
_98088 _aالقصص العربية القصيرة _zمصر _yقرن 20. _2BUEsh |
|
| 651 | _2BUEsh | ||
| 653 |
_bARALIT _cApril2012 |
||
| 655 |
_vReading book _934232 |
||
| 942 |
_2ddc _cBB |
||